Central Library OPAC University of Rajshahi

Moving out of poverty / (Record no. 60957)

MARC details
000 -LEADER
fixed length control field 01757nam a2200385 a 4500
001 - CONTROL NUMBER
control field 60957
003 - CONTROL NUMBER IDENTIFIER
rucl marc code BD-RjUL
005 - DATE AND TIME OF LATEST TRANSACTION
control field 20211209080915.0
008 - FIXED-LENGTH DATA ELEMENTS--GENERAL INFORMATION
fixed length control field 170105s2007 enka b i001 0 eng
020 ## - INTERNATIONAL STANDARD BOOK NUMBER
International Standard Book Number 9780821371114 (v. 1 : hbk.)
International Standard Book Number 0821371118 (v. 1 : hbk.)
International Standard Book Number 9780821369913 (v. 1 : pbk.)
International Standard Book Number 0821369911 (v. 1 : pbk.)
International Standard Book Number 9780821372159 (v. 2 : pbk.)
International Standard Book Number 9780821378366 (v. 2 : hbk.)
International Standard Book Number 9780821372173 (v. 3 : pbk.)
International Standard Book Number 9780821376317 (v. 4 : pbk.)
035 ## - SYSTEM CONTROL NUMBER
System control number (BD-RjUL)61081
040 ## - CATALOGING SOURCE
Original cataloging agency UKM
Transcribing agency UKM
Modifying agency BTCTA
-- BAKER
-- YDXCP
-- C#P
-- BWX
-- DLC
-- BD-RjUL
Language of cataloging eng
041 ## - LANGUAGE CODE
Language code of text/sound track or separate title eng
082 04 - DEWEY DECIMAL CLASSIFICATION NUMBER
Classification number 339.46091724
Edition number 22
Author mark and year MOV 2007
245 00 - TITLE STATEMENT
Title Moving out of poverty /
Statement of responsibility, etc. Deepa Narayan and Patti Petesch, editors.
260 ## - PUBLICATION, DISTRIBUTION, ETC. (IMPRINT)
Place of publication, distribution, etc. Basingstoke ;
-- New York :
Name of publisher, distributor, etc. Palgrave ;
Place of publication, distribution, etc. Washington, D.C. :
Name of publisher, distributor, etc. World Bank,
Date of publication, distribution, etc. c2007-<c2010 >
300 ## - PHYSICAL DESCRIPTION
Pagination 4 v. :
Illustrations ill. ;
Size 24 cm.
504 ## - BIBLIOGRAPHY, ETC. NOTE
Bibliography, etc Includes bibliographical references and index.
505 1# - FORMATTED CONTENTS NOTE
Formatted contents note v. 1. Cross-disciplinary perspectives on mobility / Deepa Narayan and Patti Petesch, editors -- v. 2. Success from the bottom up / Deepa Narayan, Lant Pritchett, and Soumya Kapoor -- v. 3. The promise of empowerment and democracy in India / Deepa Narayan, editor -- v. 4. Rising from the ashes of conflict / Deepa Narayan and Patti Petesch, editors
650 #0 - SUBJECT ADDED ENTRY--TOPICAL TERM
Topical term or geographic name as entry element Poverty
Geographic subdivision Developing countries.
9 (RLIN) 175540
Topical term or geographic name as entry element Social mobility
General subdivision Economic aspects
Geographic subdivision Developing countries.
9 (RLIN) 181950
Topical term or geographic name as entry element Migrant labor
Geographic subdivision Developing countries.
9 (RLIN) 181951
651 #0 - SUBJECT ADDED ENTRY--GEOGRAPHIC NAME
Geographic name Developing countries
General subdivision Economic conditions.
9 (RLIN) 174336
700 1# - ADDED ENTRY--PERSONAL NAME
Personal name Narayan-Parker, Deepa.
Personal name Petesch, Patti L.
942 ## - ADDED ENTRY ELEMENTS (KOHA)
Source of classification or shelving scheme Dewey Decimal Classification
Koha item type Books
Holdings
Lost status Source of classification or shelving scheme Damaged status Not for loan Collection code Permanent Location Current Location Shelving location Date acquired Source of acquisition Cost, normal purchase price Total Checkouts Full call number Date last seen Copy number Koha item type
  Dewey Decimal Classification     Non-fiction Central Library, University of Rajshahi Central Library, University of Rajshahi Reading Room 29/03/2008 MIDAS, Dhaka 40.00   339.46091724 MOV V-1 2007 04/01/2017 C-1 Books